| 000 | 00858nam a2200241 a 4500 | ||
|---|---|---|---|
| 999 |
_c11408 _d11408 |
||
| 001 | 11408 | ||
| 003 | BD-JhCC | ||
| 005 | 20190921090223.0 | ||
| 008 | 190611b 2014bg |||| ||a| 000 0 ben d | ||
| 020 | _a9847020300137 | ||
| 035 | _a(BD-JhCC)11408 | ||
| 040 |
_aBD-JhCC _dBD-JhCC |
||
| 041 | _aben | ||
| 082 |
_bVUG 2014 _a910.3 |
||
| 245 |
_aভূগোল ও পরিবেশবিজ্ঞান: _bসাধারণ বিজ্ঞান / _cসম্পাদনা: কে. আশরাফুল আলম । |
||
| 260 |
_aঢাকা: _bপারফেক্ট পাবলিকেশন্স; _c২০১৪. |
||
| 300 |
_a৪৭২ পৃ. : _c২২ সেমি. |
||
| 650 |
_aGography _xDictionary |
||
| 650 | _aEnvironment | ||
| 700 | _aআলম, কে. আশরাফুল | ||
| 942 |
_2ddc _cBK |
||